Malí a strední podnikatelia pozor!

Viaceré zmeny, ktoré čakajú malých a stredných podnikateľov (MSP) v roku 2017. 20 najdôležitejších zmien v legislatíve.

Salvato in:
Dettagli Bibliografici
Ente Autore: Slovak Business Agency
Natura: Capitolo di libro
Lingua:slovacco
Soggetti:
Tags: Aggiungi Tag
Nessun Tag, puoi essere il primo ad aggiungerne!!

MARC

LEADER 00000naa a2200000 4500
001 0227736
005 20221104113056.6
041 0 |a slo 
044 |a SK 
245 1 0 |a Malí a strední podnikatelia pozor! 
520 |a Viaceré zmeny, ktoré čakajú malých a stredných podnikateľov (MSP) v roku 2017. 20 najdôležitejších zmien v legislatíve. 
610 2 0 |a podnikatelia 
610 2 0 |a podnikanie malé 
610 2 0 |a podnikanie stredné 
610 2 0 |a podnik malý 
610 2 0 |a podnik stredný 
610 2 0 |a dane 
610 2 0 |a odvody 
610 2 0 |a reformy 
610 2 0 |a legislatíva 
110 2 |a Slovak Business Agency